| 000 | 02264nam a22004937a 4500 | ||
|---|---|---|---|
| 003 | CHAP | ||
| 005 | 20220329135451.0 | ||
| 008 | 971013s1976 r 00010 d | ||
| 010 | _a36981 | ||
| 011 | _a37953 | ||
| 035 | _a42073 | ||
| 040 | _cCHAP | ||
| 082 |
_a631.44 _bO7 |
||
| 100 | 0 | 0 |
_aOrtiz Solorio, Carlos Alberto. _984067 |
| 245 | _aLevantamiento de suelos de la cuenca de Chalco | ||
| 260 |
_aChapingo, Méx. : _bENA. Colegio de Postgraduados. Rama de Suelos, _c1976 |
||
| 300 |
_a71 p. _b: ilus. ; láms. |
||
| 590 |
_aBATCH-UPD _b10 _c20130110 _lUCH01 _h1528 |
||
| 590 |
_aBATCH-UPD _b10 _c20130409 _lUCH01 _h1941 |
||
| 590 |
_aBATCH-UPD _b10 _c20130410 _lUCH01 _h0936 |
||
| 590 |
_aBATCH-UPD _b10 _c20130914 _lUCH01 _h1854 |
||
| 590 |
_aCONVERSION _b10 _c20130109 _lUCH01 _h1321 |
||
| 650 | 1 | 4 |
_aSuelos _xClasificación. _9110239 |
| 650 | 1 | 4 |
_aSuelos _xTopografía _xMéxico (Edo.) _9110499 |
| 650 | 1 | 4 |
_aSuelos _zMéxico (Edo.). _9110525 |
| 700 | 0 |
_aCuanalo de la Cerda, Heriberto E. _929925 |
|
| 901 | _aBK | ||
| 942 | _cLIBRO | ||
| 949 |
_a631.44 O7 _bBC _cLIBRO _d33724000071783 _eLIBRO _fc.11 _h40662 _i42073 _si |
||
| 949 |
_a631.44 O7 _bBC _cLIBRO _d33724000071791 _eLIBRO _fc.13 _h40664 _i42073 _si |
||
| 949 |
_a631.44 O7 _bBC _cLIBRO _d33724000071809 _eLIBRO _fc.17 _h47073 _i42073 _si |
||
| 949 |
_a631.44 O7 _bBC _cLIBRO _d33724000071817 _eLIBRO _fc.16 _h44346 _i42073 _si |
||
| 949 |
_a631.44 O7 _bBC _cLIBRO _d33724000071825 _eLIBRO _fc.15 _h40666 _i42073 _si |
||
| 949 |
_a631.44 O7 _bBC _cLIBRO _d33724000071924 _eLIBRO _h40142 _i42073 _si |
||
| 949 |
_a631.44 O7 _bBC _cLIBRO _d33724000071932 _eLIBRO _fc.2 _h40143 _i42073 _si |
||
| 949 |
_a631.44 O7 _bBC _cLIBRO _d33724000071940 _eLIBRO _fc.4 _h40145 _i42073 _si |
||
| 949 |
_a631.44 O7 _bBC _cLIBRO _d33724000071957 _eLIBRO _fc.5 _h40145 _i42073 _si |
||
| 949 |
_a631.44 O7 _bBC _cLIBRO _d33724000071965 _eLIBRO _fc.6 _h40657 _i42073 _si |
||
| 949 |
_a631.44 O7 _bBC _cLIBRO _d33724000071973 _eLIBRO _fc.7 _h40658 _i42073 _si |
||
| 949 |
_a631.44 O7 _bBC _cLIBRO _d33724000071981 _eLIBRO _fc.9 _h40660 _i42073 _si |
||
| 949 |
_a631.44 O7 _bBC _cLIBRO _d33724000071999 _eLIBRO _fc.10 _h40661 _i42073 _si |
||
| 949 |
_a631.44 O7 _bBC _cLIBRO _d33724000072005 _eLIBRO _fc.8 _h40159 _i42073 _si |
||
| 949 |
_a631.44 O7 _bBC _cLIBRO _d33724000628509 _eLIBRO _fc.3 _h40144 _i42073 _si |
||
| 999 |
_c36981 _d36981 |
||